[Event "CRO-chT"]
[Site "Pula"]
[Date "1999.09.11"]
[Round "3"]
[White "Banusic, Zeljko"]
[Black "Viland, Boris"]
[Result "1-0"]
[WhiteElo "2224"]
[BlackElo "2202"]
[PlyCount "60"]
[EventDate "1999.09.05"]
[EventType "team"]
[EventRounds "9"]
[EventCountry "CRO"]
[SourceTitle "EXT 2000"]
[Source "ChessBase"]
[SourceDate "1999.11.16"]
[SourceVersion "1"]
[SourceVersionDate "1999.11.16"]
[SourceQuality "1"]

1. d4 f5 2. Nc3 d5 3. f3 c5 4. e4 e5 5. Bb5+ Bd7 6. Qe2 cxd4 7. Bxd7+ Qxd7 8. Nxd5 Nc6 9. Bd2 Nge7 10. Nxe7 Bxe7 11. Nh3 f4 12. 0-0 0-0 13. Nf2 Kh8 14. Nd3 g5 15. b4 Bf6 16. a4 Rg8 17. b5 Nd8 18. Nb4 Ne6 19. Nd5 Raf8 20. Bb4 Rf7 21. c4 Bd8 22. c5 Rfg7 23. Kh1 h5 24. Rac1 Qf7 25. c6 bxc6 26. bxc6 g4 27. Bd6 Bf6 28. c7 Rc8 29. Qb5 Qg6 30. Rg1 Rgg8 1-0

[Event "CRO-chT2"]
[Site "Pula"]
[Date "1998.??.??"]
[Round "4"]
[White "Viland, Boris"]
[Black "Muslija, Idris"]
[Result "1/2-1/2"]
[WhiteElo "2195"]
[BlackElo "2245"]
[PlyCount "118"]
[EventDate "1998.??.??"]
[EventType "team"]
[EventRounds "9"]
[EventCountry "CRO"]
[SourceTitle "EXT 2000"]
[Source "ChessBase"]
[SourceDate "1999.11.16"]
[SourceVersion "1"]
[SourceVersionDate "1999.11.16"]
[SourceQuality "1"]

1. d4 Nf6 2. c4 g6 3. Nc3 Bg7 4. e4 d6 5. Nf3 0-0 6. h3 Nc6 7. d5 Nb8 8. Be3 e6 9. Be2 Re8 10. 0-0 exd5 11. exd5 Nbd7 12. Nd4 Nc5 13. Qc2 a6 14. Bf3 Ncd7 15. Rad1 Ne5 16. Be2 Qe7 17. Qd2 Qf8 18. b3 Ned7 19. b4 Ne4 20. Nxe4 Rxe4 21. Qc2 Qe7 22. Nf3 Nf6 23. Bd3 Rxe3 24. fxe3 Qxe3+ 25. Qf2 Qf4 26. Rde1 Bd7 27. Qh4 Nh5 28. Qxf4 Nxf4 29. Bc2 h6 30. Re3 Kf8 31. Kf2 b5 32. cxb5 Nxd5 33. Be4 Nxe3 34. Bxa8 Nxf1 35. bxa6 Nd2 36. Nxd2 Bb5 37. Bb7 Bd4+ 38. Kf3 Ke7 39. Ke4 Ba7 40. Kd5 Kd7 41. Ke4 f5+ 42. Kf3 Ke6 43. Nb1 Ke5 44. Nc3 Bc4 45. a4 Kd4 46. Ne2+ Kd3 47. Nf4+ Kc3 48. Nxg6 d5 49. Ne5 d4 50. Nxc4 Kxc4 51. b5 d3 52. Kf4 Kb4 53. Bd5 Kxa4 54. Bc4 d2 55. Be2 Ka5 56. Kxf5 Be3 57. g4 Kb6 58. h4 c6 59. bxc6 Kxc6 1/2-1/2

[Event "CRO-chT2"]
[Site "Medulin"]
[Date "1997.??.??"]
[Round "?"]
[White "Zivkovic, Vjekoslav"]
[Black "Viland, Boris"]
[Result "1/2-1/2"]
[WhiteElo "2240"]
[BlackElo "2210"]
[PlyCount "61"]
[EventDate "1997.??.??"]
[EventType "team"]
[EventRounds "9"]
[EventCountry "CRO"]
[SourceTitle "EXT 1999"]
[Source "ChessBase"]
[SourceDate "1998.11.16"]
[SourceVersion "1"]
[SourceVersionDate "1998.11.16"]
[SourceQuality "1"]

1. e4 Nf6 2. e5 Nd5 3. d4 d6 4. Nf3 Bg4 5. Be2 e6 6. c4 Nb6 7. 0-0 Be7 8. Nc3 0-0 9. Be3 a6 10. Qb3 dxe5 11. Rfd1 Qc8 12. Nxe5 Bxe2 13. Nxe2 N8d7 14. Nf3 Nf6 15. Nf4 Rd8 16. Rac1 Nbd7 17. c5 Nf8 18. c6 b6 19. d5 Nxd5 20. Nxd5 Rxd5 21. Rxd5 exd5 22. Qxd5 Qe6 23. Qxe6 Nxe6 24. Kf1 Bf6 25. b3 Rd8 26. Ke2 Kf8 27. g4 g6 28. g5 Bg7 29. Nd2 f5 30. gxf6 Bxf6 31. Ne4 1/2-1/2

[Event "CRO-chT2"]
[Site "Tucepi"]
[Date "1996.??.??"]
[Round "?"]
[White "Viland, Boris"]
[Black "Banusic, Zeljko"]
[Result "1/2-1/2"]
[WhiteElo "2215"]
[BlackElo "2265"]
[PlyCount "45"]
[EventDate "1996.??.??"]
[EventType "team"]
[EventRounds "9"]
[EventCountry "CRO"]
[SourceTitle "EXT 1998"]
[Source "ChessBase"]
[SourceDate "1997.11.17"]
[SourceVersion "1"]
[SourceVersionDate "1997.11.17"]
[SourceQuality "1"]

1. d4 Nf6 2. c4 e6 3. Nf3 c5 4. d5 b5 5. dxe6 fxe6 6. cxb5 d5 7. Nc3 Bd6 8. e4 Be7 9. e5 Nfd7 10. Bd3 0-0 11. a4 a6 12. Rb1 Bb7 13. 0-0 Qe8 14. Qe2 Qh5 15. b3 Ra7 16. Nd1 axb5 17. axb5 Nb6 18. Ng5 Qxe2 19. Bxe2 Bxg5 20. Bxg5 Bc8 21. Nc3 h6 22. Bh4 g5 23. Bg3 1/2-1/2

[Event "CRO-chT2"]
[Site "Opatija"]
[Date "1995.??.??"]
[Round "?"]
[White "Viland, Boris"]
[Black "Kutuzovic, Branko"]
[Result "0-1"]
[WhiteElo "2240"]
[BlackElo "2375"]
[PlyCount "58"]
[EventDate "1995.??.??"]
[EventType "team"]
[EventRounds "9"]
[EventCountry "CRO"]
[SourceTitle "EXT 1998"]
[Source "ChessBase"]
[SourceDate "1997.11.17"]
[SourceVersion "1"]
[SourceVersionDate "1997.11.17"]
[SourceQuality "1"]

1. d4 Nc6 2. c4 e5 3. d5 Nce7 4. e4 Ng6 5. Nc3 Nf6 6. a3 Bc5 7. b4 Bd4 8. Nge2 Nxe4 9. Nxd4 Nxc3 10. Qd3 exd4 11. Qxd4 Qe7+ 12. Be3 Ne4 13. 0-0-0 0-0 14. Re1 Nf6 15. Bd2 Qd8 16. h4 h5 17. Bc3 d6 18. Be2 c5 19. dxc6 bxc6 20. Bb2 c5 21. Qc3 cxb4 22. axb4 Be6 23. g4 Rc8 24. Kb1 Nf4 25. gxh5 Nxe2 26. Rxe2 Rxc4 27. Qd2 Ne4 28. Qd3 Bf5 29. Ka1 Qc8 0-1

[Event "CRO-chT2"]
[Site "Opatija"]
[Date "1995.??.??"]
[Round "?"]
[White "Viland, Boris"]
[Black "Zelenika, Srdjan"]
[Result "0-1"]
[WhiteElo "2240"]
[BlackElo "2255"]
[PlyCount "74"]
[EventDate "1995.??.??"]
[EventType "team"]
[EventRounds "9"]
[EventCountry "CRO"]
[SourceTitle "EXT 1998"]
[Source "ChessBase"]
[SourceDate "1997.11.17"]
[SourceVersion "1"]
[SourceVersionDate "1997.11.17"]
[SourceQuality "1"]

1. d4 Nf6 2. c4 g6 3. Nc3 Bg7 4. e4 d6 5. Nf3 0-0 6. h3 e5 7. d5 Na6 8. Bg5 h6 9. Be3 Nc5 10. Nd2 a5 11. Be2 Bd7 12. 0-0 Qe8 13. b3 Nh7 14. Rc1 f5 15. exf5 gxf5 16. f4 exf4 17. Bxf4 Nf6 18. Kh1 Qg6 19. Nb5 Rac8 20. Kh2 Nfe4 21. Bh5 Qf6 22. Nf3 Be8 23. Bxe8 Rfxe8 24. Rc2 Re7 25. Re1 Rce8 26. Rce2 Qg6 27. Qc1 Nd3 28. Qe3 Nxe1 29. Rxe1 c5 30. dxc6 bxc6 31. Nbd4 c5 32. Nb5 Ng5 33. Qxe7 Rxe7 34. Rxe7 Nxf3+ 35. gxf3 Be5 36. Bxe5 dxe5 37. Rxe5 f4 0-1